Statistics for Top 260 Actors EVER!!!!!

Click here to take the quiz!

General Stats

  • This quiz has been taken 91 times
  • The average score is 64 of 257

Answer Stats

Answer% Correct
Tom Cruise
82%
Tom Hanks
81%
Will Smith
77%
Leonardo Di Caprio
70%
Robert De Niro
70%
Al Pacino
68%
Dwayne Johnson
68%
Bruce Lee
67%
Charlie Chaplin
67%
George Clooney
67%
Harrison Ford
67%
Samuel L. Jackson
67%
Denzel Washington
65%
Matt Damon
63%
Morgan Freeman
61%
Patrick Stewart
61%
Robin Williams
61%
Sean Connery
61%
Tommy Lee Jones
61%
James Earl Jones
60%
Jim Carrey
60%
Jimmy Stewart
60%
Michael Keaton
60%
Robert Downey Jr.
60%
Arnold Schwarzenegger
58%
Hugh Grant
58%
Jack Nicholson
58%
Johnny Depp
58%
Russell Brand
58%
Tim Allen
58%
Anthony Hopkins
56%
Ben Affleck
56%
Billy Dee Williams
56%
Bruce Willis
56%
James Caan
56%
Ryan Reynolds
56%
Bradley Cooper
54%
Chris Hemsworth
54%
Eddie Murphy
54%
Ed Harris
54%
John Travolta
54%
Luke Wilson
54%
Neil Patrick Harris
54%
Owen Wilson
54%
Sylvester Stallone
54%
Chris Evans
53%
Hugh Jackman
53%
John Wayne
53%
Michael Caine
53%
Michael J. Fox
53%
Christian Bale
51%
Tom Holland
51%
Daniel Craig
49%
Daniel Day-Lewis
49%
Jackie Chan
49%
Michael Douglas
49%
Steve Martin
49%
Adam Sandler
47%
Ben Stiller
47%
Christopher Reeve
47%
Humphrey Bogart
47%
Jeff Bridges
47%
Marlon Brando
47%
Nicolas Cage
47%
Danny DeVito
46%
Joe Pesci
46%
Kevin Spacey
46%
Liam Neeson
46%
Charlie Sheen
44%
Chris Pratt
44%
Clint Eastwood
44%
Mark Hamill
44%
Matthew McConaughey
44%
Paul Newman
44%
Ryan Gosling
44%
Tom Hardy
44%
Bill Murray
42%
Gene Hackman
42%
Robert Redford
42%
Woody Harrelson
42%
Edward Norton
40%
Jack Black
40%
Jonah Hill
40%
Clark Gable
39%
Jeremy Renner
39%
Mark Ruffalo
39%
Mark Wahlberg
39%
Benedict Cumberbatch
37%
James Franco
37%
Jude Law
37%
Paul Rudd
37%
Alec Baldwin
35%
Ben Kingsley
35%
Daniel Radcliffe
35%
Vin Diesel
35%
Danny Glover
33%
Don Cheadle
33%
Robert Pattinson
33%
Will Ferrell
33%
Anthony Mackie
32%
Ewan McGregor
32%
Michael B. Jordan
32%
Steve Carell
32%
Zac Efron
32%
Channing Tatum
30%
Christopher Lloyd
30%
Christopher Walken
30%
Kevin Hart
30%
Alan Rickman
28%
Jeff Daniels
28%
Robert Duvall
28%
Val Kilmer
28%
Vince Vaughn
28%
Alec Guinness
26%
Frank Sinatra
26%
Jeremy Irons
26%
John Goodman
26%
Mike Myers
26%
Benicio Del Toro
25%
John Cusack
25%
Josh Brolin
25%
Matthew Broderick
25%
Christopher Plummer
23%
Jonathan Taylor Thomas
23%
Michael Fassbender
23%
Rami Malek
23%
Willem Dafoe
23%
Dan Aykroyd
21%
William Hurt
21%
Dick Van Dyke
19%
Simon Pegg
19%
Adam Driver
18%
Jeff Goldblum
18%
Steve Buscemi
18%
Ted Danson
18%
Tom Selleck
18%
William Shatner
18%
John C. Reilly
16%
Leonard Nimoy
16%
Hugh Laurie
14%
Mickey Rourke
14%
Andy Samberg
12%
James Spader
12%
Kenan Thompson
12%
Bill Cosby
11%
Matt LeBlanc
11%
Timothy Dalton
11%
Andy Serkis
9%
Chadwick Boseman
9%
Chris Pine
9%
Paul Giamatti
9%
Sam Rockwell
9%
Billy Crystal
7%
Frank Oz
7%
Henry Cavill
7%
J.K. Simmons
7%
Kurt Russel
7%
Ray Romano
7%
Russel Crowe
7%
Sam Elliott
7%
Sebastian Stan
7%
Aaron Eckhart
5%
Carl Weathers
5%
Dave Bautista
5%
James MacAvoy
5%
John Cena
5%
Martin Freeman
5%
Tom Hiddelston
5%
Benedict Wong
4%
Christopher Lee
4%
Donald Glover
4%
Hayden Christensen
4%
Ian McKellan
4%
Jake Gyllenhaal
4%
Jason Gordon Levitt
4%
Jason Momoa
4%
Martin Short
4%
Tim Roth
4%
Ben Mendelsohn
2%
Bill Hader
2%
Clancy Brown
2%
Cole Sprouse
2%
Danny Trejo
2%
Dylan Sprouse
2%
Frankie A. Rodriguez
2%
Guy Pierce
2%
Ian McDiarmid
2%
Jace Norman
2%
James Marsden
2%
Jesse Eisenburg
2%
Jim Parsons
2%
Joe Serafini
2%
John Mills
2%
Josh Hutcherson
2%
Joshua Bassett
2%
Ken Jeong
2%
Larry Saperstein
2%
Lucas Grabeel
2%
Mads Mikkelsen
2%
Matt Cornett
2%
Michael Pena
2%
Michael Rooker
2%
Michael Shannon
2%
Paul Bettany
2%
Pedro Pascal
2%
Sam Neill
2%
Stephen Amell
2%
Tim Curry
2%
Ving Rhames
2%
Will Arnett
2%
Zachary Levi
2%
Adam Devine
0%
Alan Cumming
0%
Alan Ritchson
0%
Anthony Anderson
0%
Brad Garrett
0%
Brandon Routh
0%
Brendan Frasier
0%
Charleton Heston
0%
Ciaran Hinds
0%
Cooper Barnes
0%
Corbin Bleu
0%
Dee Bradley Baker
0%
Dominic Cooper
0%
Ed Wynn
0%
Eugene Levy
0%
Ezra Miller
0%
Grant Gustin
0%
Hugh Bonneville
0%
Jack Dylan Grazer
0%
Jack Griffo
0%
Jaime Foxx
0%
Jake Johnson
0%
Jake Lloyd
0%
James Corden
0%
Jimmy Smits
0%
John Krasinkski
0%
John Malchovich
0%
John Schnieder
0%
Josh Gad
0%
Justice Smith
0%
Karl Urban
0%
Lee Pace
0%
Liev Schrieber
0%
Mark Strong
0%
Mickey Rooney
0%
Nicholas Hoult
0%
Ray Fisher
0%
Richard Armitage
0%
Thomas Haden Church
0%
Tim Blake Nelson
0%
Tobey McGuire
0%
Toby Jones
0%
Tom Welling
0%
Ty Simpkins
0%
Zachary Quinto
0%
Zack Galifinaksis
0%

Score Distribution

Percentile by Number Answered

Percent of People with Each Score

Your Score History

You have not taken this quiz